000 00909nam a22002057a 4500
001 EIF-II-1995-M2-003
003 OSt
005 20230104120157.0
008 230104b |||||||| |||| 00| 0 eng d
040 _aFundación Jesús Pereda
_cFundación Jesús Pereda
041 _aCastellano
100 _aCanales Serrano, Antonio Francisco
_969
111 _aEncuentro de Investigadores del Franquismo
_c(Alicante.
_d1995.
_n2º)
_992
245 _aLas lógicas de la victoria. Modelos de funcionamiento político local y provincial bajo el primer franquismo
_c/Antonio Francisco Canales Serrano
650 0 _91240
_aModelos de funcionamiento político
650 0 _9123
_aPrimer franquismo
773 _tActas del II Encuentro de Investigadores del Franquismo. Tomo 1
_g074-082 p.
856 _uhttps://bibliotecaccoocyl.fundacionjesuspereda.es/cgi-bin/koha/opac-retrieve-file.pl?id=78a5c8d4bade6177d3d917aa6959002a
942 _2ddc
_cCF
_n0
999 _c766
_d766